| 000 | 00618nmc a2200241 a 4500 | ||
|---|---|---|---|
| 003 | AR-BaBNM | ||
| 005 | 20251128211325.0 | ||
| 008 | 214020s1996 ||||||||||||||000 | spa|| | ||
| 020 | _a950-534-015-X | ||
| 040 | _cAR-BaBNM | ||
| 100 | 1 |
_aDoyle, Arthur Conan _cSir _d1859-1930 |
|
| 245 | 1 | 0 | _aMi querido Watson |
| 260 |
_aBuenos Aires _bAZ _c1996 |
||
| 300 | _a199 p. | ||
| 490 | 0 | _aSerie del Reencuentro | |
| 650 | 4 | _aLITERATURA INGLESA | |
| 653 | _aNARRATIVA | ||
| 655 | _aLITERATURA | ||
| 700 | 1 |
_aPaz Soldán, Alba _etraductor |
|
| 700 | 1 |
_aLafforgue, Jorge _eselección |
|
| 942 | _cBK | ||
| 998 | _cLaura | ||
| 999 |
_c19164 _d19164 |
||